S dievčiskom sa nehráme /

Hlavní autor: Tanská, Nataša, 1929-2014
Další autoři: Vlachová, Renáta, 1933-
Jazyk: Slovenština
Vydáno: Bratislava : Mladé letá, 1978
Vydání: 1. vyd.
Fyzický popis: 62 s. : il. ; 20 cm
Knihy
Uloženo v:
LEADER 00760nam a22002172a 4500
001 000434805
003 CZ BrMZK
005 20051103070155.0
008 990307s1978 xo f slo d
040 |a ABA001  |b cze  |c ABA001  |d ABA001  |d BOA001 
100 1 |a Tanská, Nataša,  |d 1929-2014  |7 jk01132050  |4 aut 
245 1 0 |a S dievčiskom sa nehráme /  |c Nataša Tanská ; ilustr. Renáta Vlachová 
250 |a 1. vyd. 
260 |a Bratislava :  |b Mladé letá,  |c 1978 
300 |a 62 s. :  |b il. ;  |c 20 cm 
521 |a Pre čítateľov od 6 rokov 
700 1 |a Vlachová, Renáta,  |d 1933-  |7 jx20050628035  |4 ill 
910 |a BOA001  |b PK-0085.689 
990 |a BK 
991 |b 200506 
996 7 |b 3119828938  |c PK-0085.689  |l MZK  |r Sklad / do 1 hodiny  |n 0  |w 000434805  |u 000010  |a 1  |e BOA001  |j MZK50  |s A